Gala 5 OT2023 - Estadísticas

Estadísticas generales
  • Esta prueba ha sido intentada 33 veces
  • La puntuación promedio es 6 de 9
Estadísticas de respuestas
Imagen Hint Respuesta % Correcto
Ruslana SloMo
89%
Salma Cuando zarpa el amor
85%
Naiara y Lucas Corazón Hambriento
81%
Paul Thin y Juanjo La vida moderna
74%
Bea y Violeta Only You
67%
Álex Márquez Bailemos
63%
Grupal Un año más
59%
Álvaro Mayo y Martin Dynamite
56%
Chiara y Cris Stumblin' in
44%
No se encontraron pruebas coincidentes
Distribución de puntuación
Porcentaje de gente con cada puntuación
Porcentaje por número respondido
Historial de tus puntuaciones
No has intentado esta prueba.